000 00819nam a2200265Ia 4500
003 OSt
005 20220927105618.0
006 a|||||r|||| 00| 0
007 ta
008 220926b |||||||| |||| 00| 0 eng d
020 _a818883003
024 _a191885
037 _cReference Collections
040 _aRTL
_cRTL
_beng
041 _2eng
_aeng
082 _a"X:9H1.2, P9/GD"
110 _aNATIONAL COUNCIL OF APPLIED ECONOMIC RESEARCH
245 0 _aNCAER-PIF study on evaluating performance of National Rural Employment Guarantee Act
260 _aNew
_bDelhi NCAER
_c2009
300 _a"xxxii, 208p"
_ccm.
500 _aBibliography: P 203-08
700 _aNATIONAL COUNCIL OF APPLIED ECONOMIC RESEARCH
942 _h"X:9H1.2, P9/GD"
_cCC
999 _c693395
_d693395